Englesko-Srpski frazeološki rečnik /
Saved in:
| Main Author: | |
|---|---|
| Format: | Book |
| Published: |
Beograd :
Filip Višnjić,
2003.
|
| Edition: | Treće izdanje. |
| Subjects: | |
| Tags: |
Add Tag
No Tags, Be the first to tag this record!
|
| LEADER | 00855nam a22002775i 4500 | ||
|---|---|---|---|
| 001 | 014473473-7 | ||
| 005 | 20150901152034.0 | ||
| 008 | 150901s2003 rb d |000|0|srp|d | ||
| 020 | |a 8673633478 | ||
| 035 | 0 | |a ocn919874484 | |
| 040 | |b eng |e rda | ||
| 100 | 1 | |a Kovačević, Živorad, |e author. | |
| 245 | 1 | 0 | |a Englesko-Srpski frazeološki rečnik / |c Živorad Kovačević. |
| 250 | |a Treće izdanje. | ||
| 264 | 1 | |a Beograd : |b Filip Višnjić, |c 2003. | |
| 300 | |a 1856 pages ; |c 25 cm | ||
| 336 | |a text |b txt |2 rdacontent | ||
| 337 | |a unmediated |b n |2 rdamedia | ||
| 338 | |a volume |b nc |2 rdacarrier | ||
| 546 | |a English and Serbian |b (Roman). | ||
| 650 | 0 | |a English language |v Dictionaries |x Serbian. | |
| 650 | 0 | |a English language |v Terms and phrases. | |
| 650 | 0 | |a Serbian language |v Terms and phrases. | |
| 899 | |a 415_565358 | ||
| 988 | |a 20150901 | ||
| 906 | |0 MH | ||


